|
|
|
|
| LEADER |
00000nam0a2200000 4500 |
| 001 |
281619 |
| 005 |
20231101235423.0 |
| 035 |
|
|
|a (RuTPU)RU\TPU\book\305435
|
| 090 |
|
|
|a 281619
|
| 100 |
|
|
|a 20150123d1984 k y0rusy50 ca
|
| 101 |
0 |
|
|a rus
|
| 102 |
|
|
|a RU
|
| 105 |
|
|
|a ac z 001zb
|
| 200 |
1 |
|
|a Герцен против самодержавия. Секретная политическая история России XVIII-XIX веков и Вольная печать
|f Н. Я. Эйдельман
|
| 205 |
|
|
|a 2-е изд., испр.
|
| 210 |
|
|
|a Москва
|c Мысль
|d 1984
|
| 215 |
|
|
|a 317 с.
|c ил.
|
| 320 |
|
|
|a Именной указатель: с. 308-316
|
| 600 |
|
1 |
|a Герцен
|g Александр Иванович
|f 1812-1870
|c российский революционер
|c писатель
|c философ
|b А. И.
|2 stltpush
|3 (RuTPU)RU\TPU\pers\286
|
| 606 |
1 |
|
|a Герцен А.И., философские взгляды
|2 stltpush
|3 (RuTPU)RU\TPU\subj\6368
|9 34272
|
| 610 |
1 |
|
|a история
|
| 610 |
1 |
|
|a Россия
|
| 610 |
1 |
|
|a 18 век
|
| 610 |
1 |
|
|a 19 век
|
| 610 |
1 |
|
|a самодержавие
|
| 610 |
1 |
|
|a политическая история
|
| 610 |
1 |
|
|a философы
|
| 610 |
1 |
|
|a философские взгляды
|
| 610 |
1 |
|
|a русская философия
|
| 610 |
1 |
|
|a печать
|
| 686 |
|
|
|a Ю3(2)50
|v LBC/SL-A
|2 rubbk
|
| 700 |
|
1 |
|a Эйдельман
|b Н. Я.
|c российский писатель
|c историк
|f 1930-1989
|g Натан Яковлевич
|2 stltpush
|3 (RuTPU)RU\TPU\pers\17706
|4 070
|9 6586
|
| 801 |
|
1 |
|a RU
|b 63413507
|c 20150123
|
| 801 |
|
2 |
|a RU
|b 63413507
|c 20170502
|g RCR
|
| 942 |
|
|
|c BK
|